000 00812nam a2200241Ia 4500
003 OSt
005 20220923212224.0
006 a|||||r|||| 00| 0
007 ta
008 220922b |||||||| |||| 00| 0 hin d
024 _a151,724
037 _cTextual
040 _aARTS
_cARTS
_bhin
041 _2hin
_ahin
082 _aO,1:g(P), L8;N1
100 _aतिवारी, सियाराम
_9156271
245 0 _aसाहित्य शास्त्र और काव्य भाषा
246 _aSāhitya shāstra aur kāvya bhāṣhā
260 _aनई दिल्ली
_b भूमिका प्रकाशन
_c1991
300 _a174 पृ.
_ccm.
942 _hO,1:g(P), L8;N1
_cTEXL
_2CC
999 _c307397
_d307397